The language of Faith / (Record no. 5779)

MARC details
000 -LEADER
fixed length control field 00470nam a22001817a 4500
003 - CONTROL NUMBER IDENTIFIER
control field GBCCL
005 - DATE AND TIME OF LATEST TRANSACTION
control field 20241126110549.0
008 - FIXED-LENGTH DATA ELEMENTS--GENERAL INFORMATION
fixed length control field 180406b ||||| |||| 00| 0 eng d
040 ## - CATALOGING SOURCE
Transcribing agency gbc
082 ## - DEWEY DECIMAL CLASSIFICATION NUMBER
Classification number 234.23
Item number DEW
100 ## - MAIN ENTRY--PERSONAL NAME
Personal name Dewey, Robert D.
9 (RLIN) 10468
245 ## - TITLE STATEMENT
Title The language of Faith /
Statement of responsibility, etc. Robert D. Dewey
260 ## - PUBLICATION, DISTRIBUTION, ETC.
Place of publication, distribution, etc. Boston:
Name of publisher, distributor, etc. United Church Press,
Date of publication, distribution, etc. 1963
300 ## - PHYSICAL DESCRIPTION
Extent 96 p.;
Other physical details ill.,
Dimensions 21 cm.
650 ## - SUBJECT ADDED ENTRY--TOPICAL TERM
Topical term or geographic name entry element Faith
9 (RLIN) 2645
650 ## - SUBJECT ADDED ENTRY--TOPICAL TERM
Topical term or geographic name entry element Theology
9 (RLIN) 631
942 ## - ADDED ENTRY ELEMENTS (KOHA)
Source of classification or shelving scheme Dewey Decimal Classification
Koha item type Books
Holdings
Withdrawn status Lost status Source of classification or shelving scheme Damaged status Not for loan Home library Current Library Shelving location Date acquired Total checkouts Full call number Barcode Date last seen Copy number Price effective from Koha item type
    Dewey Decimal Classification     GRACE BIBLE COLLEGE GRACE BIBLE COLLEGE Theology 2018-04-06   234.23 DEW 001152 2025-05-01 c.1 2018-04-06 Books
© Grace Bible College Library 2025